Central Library OPAC University of Rajshahi

Spatial perspectives on industrial organization and decision-making / (Record no. 15634)

MARC details
000 -LEADER
fixed length control field 00850cam a2200265 4500
001 - CONTROL NUMBER
control field 15634
003 - CONTROL NUMBER IDENTIFIER
rucl marc code BD-RjUL
005 - DATE AND TIME OF LATEST TRANSACTION
control field 20211208235847.0
008 - FIXED-LENGTH DATA ELEMENTS--GENERAL INFORMATION
fixed length control field 140210r1979 enka b 001 0 eng
020 ## - INTERNATIONAL STANDARD BOOK NUMBER
International Standard Book Number 0471347159
035 ## - SYSTEM CONTROL NUMBER
System control number (BD-RjUL)15689
040 ## - CATALOGING SOURCE
Original cataloging agency DLC
Transcribing agency DLC
Modifying agency DLC
-- BD-RjUL
Language of cataloging eng
041 ## - LANGUAGE CODE
Language code of text/sound track or separate title eng
082 00 - DEWEY DECIMAL CLASSIFICATION NUMBER
Classification number 658.21
Author mark and year SPA 1979
245 10 - TITLE STATEMENT
Title Spatial perspectives on industrial organization and decision-making /
Statement of responsibility, etc. Editor: F. E. Ian Hamilton.
260 ## - PUBLICATION, DISTRIBUTION, ETC. (IMPRINT)
Place of publication, distribution, etc. London ;
-- New York :
Name of publisher, distributor, etc. Wiley,
Date of publication, distribution, etc. c1974 [reprinted 1979].
300 ## - PHYSICAL DESCRIPTION
Pagination xxiv, 533 p. :
Illustrations illus. ;
Size 24 cm.
504 ## - BIBLIOGRAPHY, ETC. NOTE
Bibliography, etc Includes bibliographical reference and index.
650 #0 - SUBJECT ADDED ENTRY--TOPICAL TERM
Topical term or geographic name as entry element Industrial location.
9 (RLIN) 48535
Topical term or geographic name as entry element Industrial location
General subdivision Case studies.
9 (RLIN) 13424
700 1# - ADDED ENTRY--PERSONAL NAME
Personal name Hamilton, F. E. Ian.
942 ## - ADDED ENTRY ELEMENTS (KOHA)
Source of classification or shelving scheme Dewey Decimal Classification
Koha item type Books
Holdings
Lost status Source of classification or shelving scheme Damaged status Not for loan Collection code Permanent Location Current Location Shelving location Date acquired Source of acquisition Cost, normal purchase price Total Checkouts Full call number Date last seen Copy number Koha item type
  Dewey Decimal Classification   Not For Loan Non-fiction Central Library, University of Rajshahi Central Library, University of Rajshahi Reading Room 15/05/1983 Heffers. 26.25   658.21 SPA 1979 10/02/2014 C-1 Books